000 00928nam a2200265 a 4500
001 70179
003 BD-RjUL
005 20211209081955.0
008 170416r19751973ilua b 001 0 eng d
035 _a(BD-RjUL)70392
040 _aDLC
_cDLC
_dDLC
_dBD-RjUL
_beng
041 _aeng
082 0 0 _223
_a658.4033
_bBIQ 1975
100 1 _aBierman, Harold.
_9207836
245 1 0 _aQuantitative analysis for business decisions /
_cHarold Bierman, Jr., Charles P. Bonini and Warren H. Hausman.
250 _a4th ed.
260 _aHomewood, Ill. :
_bR. D. Irwin,
_cc1973[Reprinted 1975].
300 _axii, 527 p. :
_bill. ;
_c24 cm.
504 _aIncludes bibliographical reference and index
650 0 _aDecision making
_xMathematical models.
_9139454
650 0 _aIndustrial management
_9207837
700 1 _aBonini, Charles P.,
_ejoint author.
_9207838
700 1 _aHausman, Warren H.,
_ejoint author.
_9207839
942 _2ddc
_cBK
999 _c70179
_d70179